000 00754nam a22001577a 4500
003 OSt
005 20161105095756.0
008 161105b xxu||||| |||| 00| 0 eng d
040 _cRUA
082 _aAEN SOT 2015 B170 Or.1
100 _911203
_aSOTH PENH; សូត្រ ពេញ
245 _aStudy on processing of rice production system of norm srim rice mill in khan dongkor, phnom penh, សិក្សាពីខ្សែសង្វាក់ផលិតកម្មនៃប្រព័ន្ធផលិតកម្មអង្គររបស់រោងម៉ាស៊ីនកិនស្រូវ ណម ខណ្ឌដង្កោ ភ្នំពេញ
260 _aRUA
_bSOT
_c2015
300 _axii,50p.
_bill.
_c29cm.
942 _2ddc
_cAGR
999 _c10769
_d10769